Countries by Global Fast Food Chain - Statistics

General Stats
  • This quiz has been taken 30 times
  • The average score is 6 of 10
Answer Stats
Fast Food Chain Country % Correct
McDonald's United States
100%
Tim Hortons Canada
96%
El Pollo Loco Mexico
92%
Pret A Manger United Kingdom
88%
Bonchon Chicken South Korea
72%
Jollibee Philippines
68%
Nando's South Africa
48%
Gong Cha Taiwan
36%
Joe & The Juice Denmark
24%
Pollo Campero Guatemala
24%
No matching quizzes found
Score Distribution
Percent of People with Each Score
Percentile by Number Answered
Your Score History
You have not taken this quiz